Joueurs de l'OM par image - Statistiques

Statistiques générales
  • Ce quiz a été pris 145 fois
  • Le résultat moyen est 28 sur 35
Statistiques - réponses
Par images Réponse % Correct
Florian Thauvin
98%
Dimitri Payet
96%
Franck Ribéry
96%
Mason Greenwood
95%
Mathieu Valbuena
95%
Leo Balerdi
94%
P-E Aubameyang
93%
Adrien Rabiot
91%
Benjamin Pavard
91%
Amine Gouiri
90%
Alexis Sanchez
89%
Maxime Lopez
88%
Valentin Rongier
87%
Didier Deschamps
86%
Geronimo Rulli
85%
Matteo Guendouzi
85%
William Saliba
85%
A-P Gignac
84%
Samir Nasri
84%
Didier Drogba
81%
J-P Papin
80%
Morgan Sanson
78%
Nayef Aguerd
77%
Quentin Merlin
77%
Arkadiusz Milik
74%
Cengiz Ünder
72%
P-E Hojbjerg
69%
Lucas Ocampos
66%
Jordan Amavi
60%
Sead Kolasinac
57%
A-F Zambo Anguissa
53%
Michy Batshuayi
53%
Mamadou Niang
52%
Matthew O'riley
52%
Lucho Gonzalez
44%
Aucun quiz correspondant
Distribution des résultats
% des personnes avec chaque résultat
Percentile par nombre de réponses
Votre historique - résultats
Vous n’avez pas pris ce quiz